<?xml version="1.0" encoding="UTF-8"?>
<record
    xmlns:xsi="http://www.w3.org/2001/XMLSchema-instance"
    xsi:schemaLocation="http://www.loc.gov/MARC21/slim http://www.loc.gov/standards/marcxml/schema/MARC21slim.xsd"
    xmlns="http://www.loc.gov/MARC21/slim">

  <leader>02209nam a22003017a 4500</leader>
  <controlfield tag="005">20110714123837.0</controlfield>
  <datafield tag="010" ind1=" " ind2=" ">
    <subfield code="a">B-435843-847</subfield>
  </datafield>
  <datafield tag="020" ind1=" " ind2=" ">
    <subfield code="a">8182630541</subfield>
    <subfield code="c">15.00</subfield>
  </datafield>
  <datafield tag="035" ind1=" " ind2=" ">
    <subfield code="a">B-435843-847</subfield>
  </datafield>
  <datafield tag="037" ind1=" " ind2=" ">
    <subfield code="b">&#x92C;&#x94D;&#x932;&#x94D;&#x92F;&#x942;&#x92C;&#x947;&#x930;&#x940; &#x92C;&#x941;&#x915;&#x94D;&#x938;</subfield>
  </datafield>
  <datafield tag="082" ind1=" " ind2=" ">
    <subfield code="a">&#x915;</subfield>
  </datafield>
  <datafield tag="100" ind1=" " ind2=" ">
    <subfield code="a">&#x92C;&#x948;&#x928;&#x930;&#x94D;&#x91C;&#x940;, &#x930;&#x942;&#x915;&#x94D;&#x92E;&#x93F;&#x923;&#x940;</subfield>
    <subfield code="9">31192</subfield>
  </datafield>
  <datafield tag="245" ind1=" " ind2=" ">
    <subfield code="a">&#x939;&#x92E;&#x93E;&#x930;&#x940; &#x92C;&#x93E;&#x932;&#x935;&#x93E;&#x921;&#x93C;&#x940; /</subfield>
    <subfield code="c">&#x930;&#x942;&#x915;&#x94D;&#x92E;&#x93F;&#x923;&#x940; &#x92C;&#x948;&#x928;&#x930;&#x94D;&#x91C;&#x940; ; &#x936;&#x940;&#x924;&#x932; &#x925;&#x93E;&#x92A;&#x93E; &#x926;&#x94D;&#x935;&#x93E;&#x930;&#x93E; &#x91A;&#x93F;&#x924;&#x94D;&#x930;&#x93E;&#x902;&#x915;&#x93F;&#x924;</subfield>
  </datafield>
  <datafield tag="246" ind1=" " ind2=" ">
    <subfield code="a">Humari balwari</subfield>
    <subfield code="b">by Rukmini Banerjee</subfield>
  </datafield>
  <datafield tag="250" ind1=" " ind2=" ">
    <subfield code="a">4&#x925;&#x93E; &#x939;&#x93F;&#x928;&#x94D;&#x926;&#x940; &#x938;&#x902;&#x938;&#x94D;&#x915;.</subfield>
  </datafield>
  <datafield tag="260" ind1=" " ind2=" ">
    <subfield code="a">&#x928;&#x908; &#x926;&#x93F;&#x932;&#x94D;&#x932;&#x940;</subfield>
    <subfield code="b">&#x92A;&#x94D;&#x930;&#x925;&#x92E; &#x92C;&#x941;&#x915;&#x94D;&#x938;</subfield>
    <subfield code="c">2008</subfield>
  </datafield>
  <datafield tag="270" ind1=" " ind2=" ">
    <subfield code="b">&#x928;&#x908; &#x926;&#x93F;&#x932;&#x94D;&#x932;&#x940;</subfield>
    <subfield code="k">+91 11-65684113</subfield>
    <subfield code="m">www.prathambooks.org</subfield>
  </datafield>
  <datafield tag="300" ind1=" " ind2=" ">
    <subfield code="a">20&#x92A;&#x943;.</subfield>
    <subfield code="c">15x15&#x938;&#x947;&#x92E;&#x940; (&#x905;&#x91C;&#x93F;&#x932;&#x94D;&#x926;)</subfield>
    <subfield code="b">&#x938;&#x91A;&#x93F;&#x924;&#x94D;&#x930;</subfield>
  </datafield>
  <datafield tag="700" ind1=" " ind2=" ">
    <subfield code="a">&#x925;&#x93E;&#x92A;&#x93E;, &#x936;&#x940;&#x924;&#x932; </subfield>
    <subfield code="9">15991</subfield>
  </datafield>
  <datafield tag="700" ind1=" " ind2=" ">
    <subfield code="9">29071</subfield>
  </datafield>
  <datafield tag="942" ind1=" " ind2=" ">
    <subfield code="2">ddc</subfield>
    <subfield code="c">CH</subfield>
    <subfield code="m">&#x92C;&#x948;&#x928;&#x930;&#x94D;&#x91C;&#x940;</subfield>
    <subfield code="h">&#x915;</subfield>
  </datafield>
  <datafield tag="999" ind1=" " ind2=" ">
    <subfield code="c">53886</subfield>
    <subfield code="d">53886</subfield>
  </datafield>
  <datafield tag="952" ind1=" " ind2=" ">
    <subfield code="0">0</subfield>
    <subfield code="1">0</subfield>
    <subfield code="4">0</subfield>
    <subfield code="7">0</subfield>
    <subfield code="8">FIC</subfield>
    <subfield code="a">L</subfield>
    <subfield code="b">L</subfield>
    <subfield code="d">2011-08-04</subfield>
    <subfield code="e">&#x92C;&#x94D;&#x932;&#x92F;&#x942;&#x92C;&#x947;&#x930;&#x940; /6364/25.3.2011/83/21.3.11/31.3.11 </subfield>
    <subfield code="g">15.00</subfield>
    <subfield code="l">1</subfield>
    <subfield code="o">&#x915; &#x92C;&#x948;&#x928;&#x930;&#x94D;&#x91C;&#x940;</subfield>
    <subfield code="p">B-435843</subfield>
    <subfield code="r">2019-05-25 00:00:00</subfield>
    <subfield code="s">2019-05-22</subfield>
    <subfield code="t">1</subfield>
    <subfield code="v">15.00</subfield>
    <subfield code="w">2011-08-04</subfield>
    <subfield code="y">CH</subfield>
  </datafield>
  <datafield tag="952" ind1=" " ind2=" ">
    <subfield code="0">0</subfield>
    <subfield code="1">5</subfield>
    <subfield code="4">0</subfield>
    <subfield code="7">0</subfield>
    <subfield code="8">FIC</subfield>
    <subfield code="a">BL1</subfield>
    <subfield code="b">BL1</subfield>
    <subfield code="d">2011-08-04</subfield>
    <subfield code="e">&#x92C;&#x94D;&#x932;&#x92F;&#x942;&#x92C;&#x947;&#x930;&#x940; /6364/25.3.2011/83/21.3.11/31.3.11 </subfield>
    <subfield code="g">15.00</subfield>
    <subfield code="l">0</subfield>
    <subfield code="o">&#x915; &#x92C;&#x948;&#x928;&#x930;&#x94D;&#x91C;&#x940;</subfield>
    <subfield code="p">B-435844</subfield>
    <subfield code="r">2011-08-04 00:00:00</subfield>
    <subfield code="t">1</subfield>
    <subfield code="v">15.00</subfield>
    <subfield code="y">CH</subfield>
  </datafield>
  <datafield tag="952" ind1=" " ind2=" ">
    <subfield code="0">0</subfield>
    <subfield code="1">5</subfield>
    <subfield code="4">0</subfield>
    <subfield code="7">0</subfield>
    <subfield code="8">FIC</subfield>
    <subfield code="a">ZLS</subfield>
    <subfield code="b">ZLS</subfield>
    <subfield code="d">2011-08-04</subfield>
    <subfield code="e">&#x92C;&#x94D;&#x932;&#x92F;&#x942;&#x92C;&#x947;&#x930;&#x940; /6364/25.3.2011/83/21.3.11/31.3.11 </subfield>
    <subfield code="g">15.00</subfield>
    <subfield code="l">0</subfield>
    <subfield code="o">&#x915; &#x92C;&#x948;&#x928;&#x930;&#x94D;&#x91C;&#x940;</subfield>
    <subfield code="p">B-435845</subfield>
    <subfield code="r">2011-08-04 00:00:00</subfield>
    <subfield code="t">1</subfield>
    <subfield code="v">15.00</subfield>
    <subfield code="y">CH</subfield>
  </datafield>
  <datafield tag="952" ind1=" " ind2=" ">
    <subfield code="0">0</subfield>
    <subfield code="1">0</subfield>
    <subfield code="4">0</subfield>
    <subfield code="7">0</subfield>
    <subfield code="8">FIC</subfield>
    <subfield code="a">BL3</subfield>
    <subfield code="b">BL3</subfield>
    <subfield code="d">2011-08-04</subfield>
    <subfield code="e">&#x92C;&#x94D;&#x932;&#x92F;&#x942;&#x92C;&#x947;&#x930;&#x940; /6364/25.3.2011/83/21.3.11/31.3.11 </subfield>
    <subfield code="g">15.00</subfield>
    <subfield code="l">0</subfield>
    <subfield code="o">&#x915; &#x92C;&#x948;&#x928;&#x930;&#x94D;&#x91C;&#x940;</subfield>
    <subfield code="p">B-435846</subfield>
    <subfield code="r">2011-08-04 00:00:00</subfield>
    <subfield code="t">1</subfield>
    <subfield code="v">15.00</subfield>
    <subfield code="w">2011-08-04</subfield>
    <subfield code="y">CH</subfield>
  </datafield>
  <datafield tag="952" ind1=" " ind2=" ">
    <subfield code="0">0</subfield>
    <subfield code="1">5</subfield>
    <subfield code="4">0</subfield>
    <subfield code="7">0</subfield>
    <subfield code="8">FIC</subfield>
    <subfield code="a">BL4</subfield>
    <subfield code="b">BL4</subfield>
    <subfield code="d">2011-08-04</subfield>
    <subfield code="e">&#x92C;&#x94D;&#x932;&#x92F;&#x942;&#x92C;&#x947;&#x930;&#x940; /6364/25.3.2011/83/21.3.11/31.3.11 </subfield>
    <subfield code="g">15.00</subfield>
    <subfield code="l">0</subfield>
    <subfield code="o">&#x915; &#x92C;&#x948;&#x928;&#x930;&#x94D;&#x91C;&#x940;</subfield>
    <subfield code="p">B-435847</subfield>
    <subfield code="r">2011-08-04 00:00:00</subfield>
    <subfield code="t">1</subfield>
    <subfield code="v">15.00</subfield>
    <subfield code="y">CH</subfield>
  </datafield>
</record>
